[Event "TUR Cup"]
[Site "Denizli"]
[Date "2023.07.22"]
[Round "9"]
[White "Yolsal, Umut"]
[Black "Capraz, Arda"]
[Result "1-0"]
[WhiteElo "1960"]
[BlackElo "1398"]
[PlyCount "97"]
[EventDate "2023.07.16"]
[EventType "team-tourn"]
[EventRounds "9"]
[EventCountry "TUR"]
[SourceTitle "CBM 215 Extra"]
[Source "ChessBase"]
[SourceDate "2023.09.30"]
[SourceVersion "1"]
[SourceVersionDate "2023.09.30"]
[SourceQuality "1"]

1. e4 e6 2. d4 d5 3. Nc3 dxe4 4. Nxe4 Nf6 5. Nxf6+ Qxf6 6. Nf3 h6 7. Bd3 Be7 8. 0-0 0-0 9. Qe2 Nc6 10. c3 Re8 11. Qe4 Qf5 12. Qxf5 exf5 13. Bf4 Bd6 14. Bxd6 cxd6 15. Rfe1 Bd7 16. Nd2 d5 17. f4 g6 18. Bb5 a6 19. Bxc6 Bxc6 20. Kf2 Kf8 21. g3 Rxe1 22. Rxe1 Re8 23. Rxe8+ Kxe8 24. Ke3 Ke7 25. b3 b5 26. Nf3 f6 27. Ne1 Kd6 28. Nc2 Bb7 29. Kd3 Bc6 30. Ne3 Bd7 31. Nd1 Bc6 32. Nb2 Bd7 33. a4 Be8 34. Kc2 bxa4 35. Nxa4 Bxa4 36. bxa4 a5 37. Kd3 g5 38. c4 Kc6 39. h4 gxh4 40. gxh4 h5 41. Kc3 Kd6 42. cxd5 Kxd5 43. Kd3 Kd6 44. Kc4 Kc6 45. d5+ Kd6 46. Kd4 Kd7 47. Kc5 Kc7 48. d6+ Kd7 49. Kd5 1-0

[Event "TUR Cup"]
[Site "Denizli"]
[Date "2023.07.20"]
[Round "7"]
[White "Yolsal, Umut"]
[Black "Inan, Canberk"]
[Result "0-1"]
[WhiteElo "1960"]
[BlackElo "1937"]
[PlyCount "106"]
[EventDate "2023.07.16"]
[EventType "team-tourn"]
[EventRounds "9"]
[EventCountry "TUR"]
[SourceTitle "CBM 215 Extra"]
[Source "ChessBase"]
[SourceDate "2023.09.30"]
[SourceVersion "1"]
[SourceVersionDate "2023.09.30"]
[SourceQuality "1"]

1. e4 e5 2. Nf3 Nc6 3. d4 exd4 4. Bc4 Nf6 5. e5 d5 6. Bb5 Ne4 7. Nxd4 Bc5 8. 0-0 0-0 9. Bxc6 bxc6 10. Be3 Qe8 11. f3 Nd6 12. f4 f6 13. e6 Bxe6 14. Re1 Bg4 15. Qc1 Bxd4 16. Bxd4 Qg6 17. Nc3 Nf5 18. Bc5 Bh3 19. Re2 Rfe8 20. Rf2 Nh4 21. Qd2 Bxg2 22. f5 Qg4 23. Rxg2 Nxg2 24. Qxg2 Qxf5 25. Rf1 Qg6 26. Qxg6 hxg6 27. Kf2 Kf7 28. a4 a6 29. a5 g5 30. b4 Rh8 31. Kg2 Rh4 32. Ne2 Rah8 33. Rh1 Rg4+ 34. Kf2 Rc4 35. Nd4 Rh4 36. Ke3 Rh3+ 37. Kf2 g4 38. Re1 Rxh2+ 39. Kg3 Rd2 40. Re7+ Kg6 41. Ne6 f5 42. Nf4+ Kh7 43. Rxc7 Rdxc2 44. Bf8 R2c3+ 45. Kh4 Rxf4 46. Bxg7 g3+ 47. Kh5 Rcc4 48. Be5+ Kg8 49. Kg6 Rg4+ 50. Kxf5 g2 51. Rc8+ Kf7 52. Rc7+ Ke8 53. Ke6 Rg6+ 0-1

[Event "TUR Cup"]
[Site "Denizli"]
[Date "2023.07.19"]
[Round "6"]
[White "Orak, Yunus"]
[Black "Yolsal, Umut"]
[Result "0-1"]
[WhiteElo "1630"]
[BlackElo "1960"]
[PlyCount "144"]
[EventDate "2023.07.16"]
[EventType "team-tourn"]
[EventRounds "9"]
[EventCountry "TUR"]
[SourceTitle "CBM 215 Extra"]
[Source "ChessBase"]
[SourceDate "2023.09.30"]
[SourceVersion "1"]
[SourceVersionDate "2023.09.30"]
[SourceQuality "1"]

1. e4 c5 2. Nf3 g6 3. d4 cxd4 4. Nxd4 Nc6 5. Nc3 Bg7 6. Be3 Nf6 7. Bc4 Qa5 8. Nxc6 bxc6 9. Qd3 Nxe4 10. Qxe4 d5 11. Qd3 Bf5 12. Qd2 dxc4 13. Bh6 Rd8 14. Qe3 Bd4 15. Qf3 Qe5+ 16. Kf1 Bxc3 17. bxc3 Qe4 18. Qg3 Qxc2 19. Re1 Qd3+ 20. Kg1 Qxg3 21. hxg3 Kd7 22. Re5 Rb8 23. Ra5 Rb7 24. Rh4 Bd3 25. Bg7 Ra8 26. Rxh7 g5 27. Rh8 Rxh8 28. Bxh8 f6 29. f4 Rb1+ 30. Kf2 Rb8 31. Rxa7+ Ke6 32. Bg7 Kf7 33. Bh6 Kg6 34. Bxg5 fxg5 35. Rxe7 Rb2+ 36. Kf3 Rxa2 37. Re6+ Kf5 38. Re5+ Kf6 39. Rxg5 Bf5 40. g4 Be6 41. Re5 Bd5+ 42. Ke3 Rxg2 43. g5+ Kg6 44. Re8 Rg3+ 45. Kd2 Rd3+ 46. Kc2 Rf3 47. Rf8 Rf2+ 48. Kd1 Bf7 49. Rc8 Rxf4 50. Rxc6+ Kxg5 51. Kd2 Re4 52. Rd6 Be6 53. Kc2 Re2+ 54. Kb1 Bf5+ 55. Ka1 Rc2 56. Rd2 Rxc3 57. Rf2 Be6 58. Kb2 Rb3+ 59. Ka1 Bd5 60. Rd2 Rd3 61. Rf2 Rf3 62. Rd2 Be6 63. Re2 Kf5 64. Kb2 Bd5 65. Ka1 Rg3 66. Re8 Rg2 67. Re3 Kf4 68. Re8 c3 69. Kb1 Be4+ 70. Ka1 Rg1+ 71. Ka2 Bd5+ 72. Ka3 c2 0-1

[Event "Gebze op"]
[Site "Gebze"]
[Date "2013.10.05"]
[Round "5"]
[White "Baciu, Diana"]
[Black "Yolsal, Umut"]
[Result "1/2-1/2"]
[WhiteElo "2292"]
[BlackElo "1999"]
[PlyCount "115"]
[EventDate "2013.10.03"]
[EventType "swiss"]
[EventRounds "7"]
[EventCountry "TUR"]
[SourceTitle "CBM 157 Extra"]
[Source "ChessBase"]
[SourceDate "2013.12.19"]
[SourceVersion "1"]
[SourceVersionDate "2013.12.19"]
[SourceQuality "1"]

1. e4 c5 2. Nf3 g6 3. c3 Bg7 4. d4 cxd4 5. cxd4 d5 6. e5 Bg4 7. Nc3 Bxf3 8. Qxf3 Nc6 9. Be3 e6 10. Bd3 a6 11. 0-0 Nge7 12. Qg3 0-0 13. f4 b5 14. Qf2 f6 15. Qd2 Qb6 16. Ne2 Na5 17. b3 Rac8 18. Kh1 Nac6 19. Rad1 Qa5 20. Qb2 Nf5 21. Bf2 Rc7 22. a3 Rfc8 23. b4 Qb6 24. Rc1 Nb8 25. g4 Ne7 26. Bh4 Rxc1 27. Rxc1 Rxc1+ 28. Qxc1 Kf7 29. Qe3 Nd7 30. Qh3 Kg8 31. f5 exf5 32. gxf5 g5 33. e6 gxh4 34. exd7 Qd6 35. Qxh4 Qxd7 36. Qg4 Qc7 37. Kg2 Kh8 38. Qh5 Ng8 39. Qe8 Qd6 40. Bc2 Bh6 41. Bb3 Qe7 42. Qxe7 Nxe7 43. Kf3 Bd2 44. Kg4 Kg7 45. Nf4 Bc1 46. Nxd5 Nxd5 47. Bxd5 Bxa3 48. Bb7 Bxb4 49. Bxa6 Bc3 50. d5 Be5 51. h3 b4 52. Bc4 Bd6 53. Bb3 Kf8 54. Kf3 Ke7 55. Kg4 Kd7 56. Kh5 Bf8 57. Kg4 Kd6 58. Kf4 1/2-1/2